[Event "DEM U10 2024"]
[Site "Willingen GER"]
[Date "2024.05.23"]
[Round "8"]
[White "Fattori Dittmar, Luca"]
[Black "Sauer, Ben"]
[Result "1/2-1/2"]
[Termination "normal"]
[Board "11"]
[WhiteElo "1782"]
[BlackElo "1626"]
[WhiteClock "01:00:04"]
[BlackClock "00:24:05"]
[PlyCount "163"]
[WhiteFideId "34678883"]
[BlackFideId "34606866"]
[EventCountry "GER"]
[EventRounds "11"]
[EventType "swiss"]
[EventDate "2024.05.18"]

1. e4 {[%clk 01:15:58]} {[%emt 00:00:02]} c5 {[%clk 01:15:56]} {[%emt
00:00:05]} 2. Nc3 {[%clk 01:16:13]} {[%emt 00:00:14]} e6 {[%clk 01:16:12]}
{[%emt 00:00:14]} 3. g3 {[%clk 01:16:20]} {[%emt 00:00:22]} a6 {[%clk
01:16:09]} {[%emt 00:00:34]} 4. a4 {[%clk 01:16:23]} {[%emt 00:00:27]} Nc6
{[%clk 01:14:28]} {[%emt 00:02:10]} 5. Bg2 {[%clk 01:16:42]} {[%emt 00:00:12]}
Nf6 {[%clk 01:12:52]} {[%emt 00:02:06]} 6. d3 {[%clk 01:16:45]} {[%emt
00:00:27]} Be7 {[%clk 01:12:10]} {[%emt 00:01:12]} 7. Nge2 {[%clk 01:16:58]}
{[%emt 00:00:17]} O-O {[%clk 01:10:24]} {[%emt 00:02:15]} 8. h3 {[%clk
01:16:52]} {[%emt 00:00:37]} d5 {[%clk 01:09:00]} {[%emt 00:01:53]} 9. exd5
{[%clk 01:16:57]} {[%emt 00:00:26]} exd5 {[%clk 01:09:13]} {[%emt 00:00:17]}
10. Bg5 {[%clk 01:16:55]} {[%emt 00:00:32]} d4 {[%clk 01:06:41]} {[%emt
00:03:02]} 11. Bxf6 {[%clk 01:16:37]} {[%emt 00:00:48]} Bxf6 {[%clk 01:06:34]}
{[%emt 00:00:36]} 12. Ne4 {[%clk 01:17:00]} {[%emt 00:00:08]} Be6 {[%clk
01:01:26]} {[%emt 00:05:38]} 13. Nxc5 {[%clk 01:17:16]} {[%emt 00:00:15]} Qa5+
{[%clk 01:01:35]} {[%emt 00:00:20]} 14. Qd2 {[%clk 01:17:06]} {[%emt 00:00:39]}
Qxc5 {[%clk 01:01:53]} {[%emt 00:00:12]} 15. O-O {[%clk 01:16:59]} {[%emt
00:00:38]} Bd5 {[%clk 01:01:35]} {[%emt 00:00:48]} 16. Bxd5 {[%clk 01:17:01]}
{[%emt 00:00:29]} Qxd5 {[%clk 01:01:59]} {[%emt 00:00:06]} 17. Nf4 {[%clk
01:17:14]} {[%emt 00:00:16]} Qd6 {[%clk 01:01:24]} {[%emt 00:01:05]} 18. Rfe1
{[%clk 01:16:43]} {[%emt 00:01:01]} Bg5 {[%clk 01:00:29]} {[%emt 00:01:24]} 19.
Re4 {[%clk 01:16:15]} {[%emt 00:00:57]} Bxf4 {[%clk 01:00:36]} {[%emt
00:00:24]} 20. Rxf4 {[%clk 01:16:37]} {[%emt 00:00:09]} Rfe8 {[%clk 00:59:37]}
{[%emt 00:01:29]} 21. Re1 {[%clk 01:16:22]} {[%emt 00:00:45]} Qd7 {[%clk
00:59:02]} {[%emt 00:01:04]} 22. Rg4 {[%clk 01:15:25]} {[%emt 00:01:28]} Rxe1+
{[%clk 00:59:14]} {[%emt 00:00:18]} 23. Qxe1 {[%clk 01:15:43]} {[%emt
00:00:11]} Re8 {[%clk 00:59:11]} {[%emt 00:00:34]} 24. Re4 {[%clk 01:15:09]}
{[%emt 00:01:05]} Rxe4 {[%clk 00:59:16]} {[%emt 00:00:24]} 25. Qxe4 {[%clk
01:15:25]} {[%emt 00:00:13]} Qe6 {[%clk 00:59:03]} {[%emt 00:00:43]} 26. Qf4
{[%clk 01:13:14]} {[%emt 00:02:42]} Qe5 {[%clk 00:56:32]} {[%emt 00:03:01]} 27.
Qg4 {[%clk 01:13:07]} {[%emt 00:00:36]} Qe6 {[%clk 00:56:07]} {[%emt 00:00:56]}
28. Qf4 {[%clk 01:13:22]} {[%emt 00:00:14]} g6 {[%clk 00:56:05]} {[%emt
00:00:32]} 29. Qc7 {[%clk 01:13:30]} {[%emt 00:00:23]} Qe7 {[%clk 00:56:01]}
{[%emt 00:00:34]} 30. Qc8+ {[%clk 01:13:42]} {[%emt 00:00:18]} Kg7 {[%clk
00:55:57]} {[%emt 00:00:33]} 31. Kg2 {[%clk 01:13:19]} {[%emt 00:00:54]} Kf6
{[%clk 00:54:13]} {[%emt 00:02:14]} 32. Qh8+ {[%clk 01:13:17]} {[%emt
00:00:33]} Ke6 {[%clk 00:53:14]} {[%emt 00:01:28]} 33. Qxh7 {[%clk 01:13:21]}
{[%emt 00:00:26]} Kd7 {[%clk 00:45:12]} {[%emt 00:08:33]} 34. Qh6 {[%clk
01:11:40]} {[%emt 00:02:08]} Qf6 {[%clk 00:41:27]} {[%emt 00:04:17]} 35. Qf8
{[%clk 01:11:15]} {[%emt 00:00:55]} Qe7 {[%clk 00:38:55]} {[%emt 00:03:02]} 36.
Qh6 {[%clk 01:11:03]} {[%emt 00:00:42]} Qc5 {[%clk 00:37:02]} {[%emt 00:02:22]}
37. Qg7 {[%clk 01:06:25]} {[%emt 00:05:08]} Ke7 {[%clk 00:35:25]} {[%emt
00:02:07]} 38. c3 {[%clk 01:06:36]} {[%emt 00:00:20]} dxc3 {[%clk 00:35:14]}
{[%emt 00:00:41]} 39. bxc3 {[%clk 01:06:57]} {[%emt 00:00:09]} Qd5+ {[%clk
00:35:04]} {[%emt 00:00:40]} 40. Kh2 {[%clk 01:07:06]} {[%emt 00:00:21]} Qxd3
{[%clk 00:35:14]} {[%emt 00:00:20]} 41. Qh6 {[%clk 01:07:05]} {[%emt 00:00:30]}
Qxc3 {[%clk 00:34:21]} {[%emt 00:01:24]} 42. Qg5+ {[%clk 01:07:28]} {[%emt
00:00:07]} Qf6 {[%clk 00:34:27]} {[%emt 00:00:24]} 43. Qc5+ {[%clk 01:07:49]}
{[%emt 00:00:08]} Ke8 {[%clk 00:33:26]} {[%emt 00:01:31]} 44. Qe3+ {[%clk
01:07:54]} {[%emt 00:00:25]} Kf8 {[%clk 00:33:26]} {[%emt 00:00:30]} 45. Qc5+
{[%clk 01:07:56]} {[%emt 00:00:28]} Kg8 {[%clk 00:33:44]} {[%emt 00:00:12]} 46.
Kg2 {[%clk 01:07:51]} {[%emt 00:00:35]} Qd4 {[%clk 00:32:44]} {[%emt 00:01:30]}
47. Qa3 {[%clk 01:07:33]} {[%emt 00:00:49]} Kg7 {[%clk 00:32:21]} {[%emt
00:00:53]} 48. Qb3 {[%clk 01:07:48]} {[%emt 00:00:14]} Nb4 {[%clk 00:30:50]}
{[%emt 00:02:02]} 49. Kg1 {[%clk 01:07:21]} {[%emt 00:00:57]} Nd3 {[%clk
00:30:13]} {[%emt 00:01:07]} 50. Qc2 {[%clk 01:06:51]} {[%emt 00:00:59]} Qxf2+
{[%clk 00:28:50]} {[%emt 00:01:54]} 51. Qxf2 {[%clk 01:07:13]} {[%emt
00:00:08]} Nxf2 {[%clk 00:29:14]} {[%emt 00:00:06]} 52. Kxf2 {[%clk 01:07:34]}
{[%emt 00:00:08]} Kf6 {[%clk 00:29:31]} {[%emt 00:00:13]} 53. Ke3 {[%clk
01:07:37]} {[%emt 00:00:27]} Ke5 {[%clk 00:29:54]} {[%emt 00:00:07]} 54. Kd3
{[%clk 01:07:45]} {[%emt 00:00:22]} Kd5 {[%clk 00:29:59]} {[%emt 00:00:25]} 55.
a5 {[%clk 01:07:32]} {[%emt 00:00:44]} f6 {[%clk 00:29:27]} {[%emt 00:01:01]}
56. h4 {[%clk 01:07:49]} {[%emt 00:00:13]} Ke5 {[%clk 00:22:50]} {[%emt
00:07:07]} 57. Kc4 {[%clk 01:07:26]} {[%emt 00:00:54]} Kf5 {[%clk 00:23:03]}
{[%emt 00:00:17]} 58. Kc5 {[%clk 01:07:23]} {[%emt 00:00:32]} Kg4 {[%clk
00:23:24]} {[%emt 00:00:09]} 59. Kb6 {[%clk 01:07:48]} {[%emt 00:00:05]} Kxg3
{[%clk 00:23:44]} {[%emt 00:00:11]} 60. Kxb7 {[%clk 01:08:13]} {[%emt
00:00:05]} f5 {[%clk 00:24:00]} {[%emt 00:00:14]} 61. Kxa6 {[%clk 01:07:39]}
{[%emt 00:01:02]} f4 {[%clk 00:24:23]} {[%emt 00:01:30]} 62. Kb6 {[%clk
01:07:58]} {[%emt 00:00:11]} f3 {[%clk 00:24:41]} {[%emt 00:00:12]} 63. a6
{[%clk 01:08:20]} {[%emt 00:00:09]} f2 {[%clk 00:25:07]} {[%emt 00:00:04]} 64.
a7 {[%clk 01:08:43]} {[%emt 00:00:07]} f1=Q {[%clk 00:25:30]} {[%emt 00:00:07]}
65. a8=Q {[%clk 01:09:03]} {[%emt 00:00:10]} Qb1+ {[%clk 00:25:39]} {[%emt
00:00:21]} 66. Kc5 {[%clk 01:08:46]} {[%emt 00:00:47]} Qc2+ {[%clk 00:25:52]}
{[%emt 00:00:17]} 67. Kd4 {[%clk 01:08:54]} {[%emt 00:00:22]} Qd2+ {[%clk
00:26:10]} {[%emt 00:00:12]} 68. Kc4 {[%clk 01:08:32]} {[%emt 00:00:52]} Qf4+
{[%clk 00:26:24]} {[%emt 00:00:15]} 69. Kc5 {[%clk 01:08:00]} {[%emt 00:01:02]}
Qe5+ {[%clk 00:26:11]} {[%emt 00:00:43]} 70. Kc4 {[%clk 01:07:51]} {[%emt
00:00:40]} Qe6+ {[%clk 00:25:47]} {[%emt 00:00:53]} 71. Kd3 {[%clk 01:07:46]}
{[%emt 00:00:35]} Qd6+ {[%clk 00:25:36]} {[%emt 00:00:41]} 72. Kc4 {[%clk
01:07:00]} {[%emt 00:01:16]} Qf4+ {[%clk 00:25:36]} {[%emt 00:00:30]} 73. Kc5
{[%clk 01:06:25]} {[%emt 00:01:06]} Qf5+ {[%clk 00:25:18]} {[%emt 00:00:46]}
74. Kd4 {[%clk 01:06:11]} {[%emt 00:00:46]} Kxh4 {[%clk 00:25:16]} {[%emt
00:00:32]} 75. Qh1 {[%clk 01:06:00]} {[%emt 00:00:40]} Kg5 {[%clk 00:25:34]}
{[%emt 00:00:12]} 76. Qb7 {[%clk 01:02:42]} {[%emt 00:03:49]} Qf4+ {[%clk
00:25:24]} {[%emt 00:00:40]} 77. Kd3 {[%clk 01:02:38]} {[%emt 00:00:34]} Kg4
{[%clk 00:25:41]} {[%emt 00:00:12]} 78. Ke2 {[%clk 01:00:42]} {[%emt 00:03:02]}
g5 {[%clk 00:25:16]} {[%emt 00:01:19]} 79. Qg2+ {[%clk 01:00:40]} {[%emt
00:00:31]} Kf5 {[%clk 00:25:29]} {[%emt 00:00:18]} 80. Qd5+ {[%clk 00:59:44]}
{[%emt 00:01:27]} Kg4 {[%clk 00:24:25]} {[%emt 00:01:33]} 81. Qg2+ {[%clk
00:59:57]} {[%emt 00:00:18]} Qg3 {[%clk 00:24:05]} {[%emt 00:00:50]} 82. Qe4+
{[%clk 01:00:04]} {[%emt 00:00:22]} 1/2-1/2

[Event "DEM U10 2024"]
[Site "Willingen GER"]
[Date "2024.05.23"]
[Round "8"]
[White "Spielmann, Jan"]
[Black "Grimm, Jakob"]
[Result "1/2-1/2"]
[Termination "normal"]
[Board "12"]
[WhiteElo "1725"]
[BlackElo "1681"]
[WhiteClock "00:32:34"]
[BlackClock "00:47:54"]
[PlyCount "100"]
[WhiteFideId "34680039"]
[BlackFideId "34635645"]
[EventCountry "GER"]
[EventRounds "11"]
[EventType "swiss"]
[EventDate "2024.05.18"]

1. e4 {[%clk 01:15:57]} {[%emt 00:00:02]} e5 {[%clk 01:15:56]} {[%emt
00:00:05]} 2. Nc3 {[%clk 01:16:20]} {[%emt 00:00:06]} Nf6 {[%clk 01:16:15]}
{[%emt 00:00:11]} 3. Bc4 {[%clk 01:16:25]} {[%emt 00:00:24]} Bc5 {[%clk
01:16:31]} {[%emt 00:00:15]} 4. d3 {[%clk 01:16:37]} {[%emt 00:00:18]} d6
{[%clk 01:16:55]} {[%emt 00:00:06]} 5. Be3 {[%clk 01:16:24]} {[%emt 00:00:43]}
Bb6 {[%clk 01:17:00]} {[%emt 00:00:26]} 6. Bxb6 {[%clk 01:16:47]} {[%emt
00:00:06]} axb6 {[%clk 01:17:23]} {[%emt 00:00:07]} 7. Nge2 {[%clk 01:17:07]}
{[%emt 00:00:10]} c5 {[%clk 01:17:18]} {[%emt 00:00:35]} 8. O-O {[%clk
01:17:01]} {[%emt 00:00:34]} O-O {[%clk 01:17:17]} {[%emt 00:00:33]} 9. Qd2
{[%clk 01:16:57]} {[%emt 00:00:34]} Be6 {[%clk 01:17:31]} {[%emt 00:00:16]} 10.
Ng3 {[%clk 01:16:17]} {[%emt 00:01:09]} Nbd7 {[%clk 01:17:02]} {[%emt
00:01:01]} 11. f4 {[%clk 01:10:59]} {[%emt 00:05:39]} exf4 {[%clk 01:16:15]}
{[%emt 00:01:25]} 12. Qxf4 {[%clk 01:09:43]} {[%emt 00:01:45]} Re8 {[%clk
01:15:18]} {[%emt 00:01:27]} 13. Nb5 {[%clk 01:03:37]} {[%emt 00:06:37]} Ne5
{[%clk 01:15:09]} {[%emt 00:00:39]} 14. Nf5 {[%clk 00:50:14]} {[%emt 00:13:54]}
Nxc4 {[%clk 01:05:50]} {[%emt 00:09:48]} 15. dxc4 {[%clk 00:50:31]} {[%emt
00:00:13]} Bxc4 {[%clk 01:05:45]} {[%emt 00:00:36]} 16. Nbxd6 {[%clk 00:50:54]}
{[%emt 00:00:06]} Bxf1 {[%clk 01:05:26]} {[%emt 00:00:49]} 17. Nxe8 {[%clk
00:51:12]} {[%emt 00:00:13]} Qxe8 {[%clk 01:05:42]} {[%emt 00:00:14]} 18. e5
{[%clk 00:49:43]} {[%emt 00:01:59]} Nd7 {[%clk 01:04:49]} {[%emt 00:01:22]} 19.
Nd6 {[%clk 00:48:31]} {[%emt 00:01:42]} Qe7 {[%clk 01:02:45]} {[%emt 00:02:35]}
20. Rxf1 {[%clk 00:48:28]} {[%emt 00:00:31]} Rf8 {[%clk 01:02:56]} {[%emt
00:00:19]} 21. Nxb7 {[%clk 00:43:10]} {[%emt 00:05:49]} Qxe5 {[%clk 00:59:06]}
{[%emt 00:04:20]} 22. Qxe5 {[%clk 00:43:19]} {[%emt 00:00:21]} Nxe5 {[%clk
00:59:31]} {[%emt 00:00:05]} 23. Nd6 {[%clk 00:43:29]} {[%emt 00:00:20]} f6
{[%clk 00:58:44]} {[%emt 00:01:18]} 24. Ne4 {[%clk 00:42:27]} {[%emt 00:01:30]}
Rd8 {[%clk 00:58:13]} {[%emt 00:01:03]} 25. c3 {[%clk 00:39:57]} {[%emt
00:03:00]} Nc4 {[%clk 00:58:15]} {[%emt 00:00:28]} 26. b3 {[%clk 00:38:33]}
{[%emt 00:01:54]} Nd2 {[%clk 00:58:33]} {[%emt 00:00:12]} 27. Nxd2 {[%clk
00:38:27]} {[%emt 00:00:35]} Rxd2 {[%clk 00:59:01]} {[%emt 00:00:02]} 28. Rf2
{[%clk 00:38:48]} {[%emt 00:00:08]} Rd3 {[%clk 00:57:26]} {[%emt 00:02:06]} 29.
Rc2 {[%clk 00:38:53]} {[%emt 00:00:25]} Kf7 {[%clk 00:57:34]} {[%emt 00:00:22]}
30. Kf2 {[%clk 00:39:17]} {[%emt 00:00:06]} Ke6 {[%clk 00:57:50]} {[%emt
00:00:14]} 31. Ke2 {[%clk 00:39:11]} {[%emt 00:00:33]} Rd5 {[%clk 00:57:38]}
{[%emt 00:00:46]} 32. Kf3 {[%clk 00:38:52]} {[%emt 00:00:49]} h5 {[%clk
00:55:12]} {[%emt 00:02:56]} 33. Re2+ {[%clk 00:38:55]} {[%emt 00:00:26]} Re5
{[%clk 00:55:30]} {[%emt 00:00:12]} 34. Rxe5+ {[%clk 00:35:25]} {[%emt
00:04:00]} Kxe5 {[%clk 00:55:16]} {[%emt 00:00:45]} 35. a4 {[%clk 00:35:36]}
{[%emt 00:00:18]} Kd5 {[%clk 00:55:29]} {[%emt 00:00:17]} 36. Kf4 {[%clk
00:35:44]} {[%emt 00:00:22]} g6 {[%clk 00:55:35]} {[%emt 00:00:25]} 37. g4
{[%clk 00:33:39]} {[%emt 00:02:35]} h4 {[%clk 00:54:34]} {[%emt 00:01:31]} 38.
b4 {[%clk 00:28:46]} {[%emt 00:05:23]} cxb4 {[%clk 00:46:54]} {[%emt 00:08:09]}
39. cxb4 {[%clk 00:29:06]} {[%emt 00:00:10]} Kc4 {[%clk 00:47:20]} {[%emt
00:00:04]} 40. a5 {[%clk 00:29:16]} {[%emt 00:00:20]} bxa5 {[%clk 00:47:40]}
{[%emt 00:00:10]} 41. bxa5 {[%clk 00:29:40]} {[%emt 00:00:06]} Kb5 {[%clk
00:48:00]} {[%emt 00:00:11]} 42. Ke4 {[%clk 00:29:48]} {[%emt 00:00:22]} Kxa5
{[%clk 00:48:00]} {[%emt 00:00:30]} 43. Kd5 {[%clk 00:30:12]} {[%emt 00:00:06]}
Kb5 {[%clk 00:47:46]} {[%emt 00:00:44]} 44. Ke6 {[%clk 00:30:34]} {[%emt
00:00:08]} f5 {[%clk 00:46:54]} {[%emt 00:01:22]} 45. gxf5 {[%clk 00:30:57]}
{[%emt 00:00:06]} gxf5 {[%clk 00:47:20]} {[%emt 00:00:04]} 46. Kxf5 {[%clk
00:31:20]} {[%emt 00:00:07]} Kc6 {[%clk 00:47:45]} {[%emt 00:00:06]} 47. h3
{[%clk 00:31:40]} {[%emt 00:00:09]} Kd5 {[%clk 00:47:31]} {[%emt 00:00:44]} 48.
Kg4 {[%clk 00:32:01]} {[%emt 00:00:09]} Ke6 {[%clk 00:47:13]} {[%emt 00:00:48]}
49. Kxh4 {[%clk 00:32:16]} {[%emt 00:00:14]} Kf6 {[%clk 00:47:36]} {[%emt
00:00:08]} 50. Kh5 {[%clk 00:32:34]} {[%emt 00:00:12]} Kg7 {[%clk 00:47:54]}
{[%emt 00:00:12]} 1/2-1/2

[Event "DEM U10 2024"]
[Site "Willingen GER"]
[Date "2024.05.23"]
[Round "8"]
[White "Kjulbassanoff, Kilian"]
[Black "Elli, Emeric"]
[Result "1-0"]
[Termination "normal"]
[Board "13"]
[WhiteElo "1411"]
[BlackElo "1164"]
[WhiteClock "01:03:47"]
[BlackClock "00:53:11"]
[PlyCount "63"]
[WhiteFideId "533001804"]
[BlackFideId "533001790"]
[EventCountry "GER"]
[EventRounds "11"]
[EventType "swiss"]
[EventDate "2024.05.18"]

1. d4 {[%clk 01:15:59]} d5 {[%clk 01:15:53]} {[%emt 00:00:07]} 2. c4 {[%clk
01:16:28]} {[%emt 00:00:01]} e6 {[%clk 01:16:13]} {[%emt 00:00:10]} 3. Nc3
{[%clk 01:16:55]} {[%emt 00:00:04]} Be7 {[%clk 01:15:37]} {[%emt 00:01:06]} 4.
Nf3 {[%clk 01:16:18]} {[%emt 00:01:06]} Nf6 {[%clk 01:15:53]} {[%emt 00:00:14]}
5. Bf4 {[%clk 01:15:54]} {[%emt 00:00:54]} O-O {[%clk 01:15:18]} {[%emt
00:01:05]} 6. e3 {[%clk 01:15:54]} {[%emt 00:00:31]} Nbd7 {[%clk 01:14:07]}
{[%emt 00:01:40]} 7. h3 {[%clk 01:16:03]} {[%emt 00:00:20]} c5 {[%clk
01:13:58]} {[%emt 00:00:39]} 8. cxd5 {[%clk 01:14:02]} {[%emt 00:02:32]} Nxd5
{[%clk 01:14:18]} {[%emt 00:00:11]} 9. Nxd5 {[%clk 01:14:19]} {[%emt 00:00:13]}
exd5 {[%clk 01:14:30]} {[%emt 00:00:17]} 10. dxc5 {[%clk 01:14:28]} {[%emt
00:00:22]} Nxc5 {[%clk 01:14:46]} {[%emt 00:00:13]} 11. Be2 {[%clk 01:12:39]}
{[%emt 00:02:20]} Qa5+ {[%clk 01:07:13]} {[%emt 00:08:02]} 12. Qd2 {[%clk
01:12:24]} {[%emt 00:00:45]} Qxd2+ {[%clk 01:06:38]} {[%emt 00:01:05]} 13. Nxd2
{[%clk 01:12:40]} {[%emt 00:00:14]} Bf6 {[%clk 01:06:27]} {[%emt 00:00:41]} 14.
Rb1 {[%clk 01:12:47]} {[%emt 00:00:24]} Bf5 {[%clk 01:06:18]} {[%emt 00:00:38]}
15. Rc1 {[%clk 01:09:32]} {[%emt 00:03:45]} b6 {[%clk 01:04:21]} {[%emt
00:02:27]} 16. b4 {[%clk 01:09:01]} {[%emt 00:01:01]} Nd3+ {[%clk 01:02:11]}
{[%emt 00:02:40]} 17. Bxd3 {[%clk 01:09:23]} {[%emt 00:00:09]} Bxd3 {[%clk
01:02:32]} {[%emt 00:00:08]} 18. Nf3 {[%clk 01:08:50]} {[%emt 00:01:03]} Rfe8
{[%clk 01:01:38]} {[%emt 00:01:24]} 19. Kd2 {[%clk 01:08:52]} {[%emt 00:00:27]}
Bc4 {[%clk 01:01:38]} {[%emt 00:00:30]} 20. Rc2 {[%clk 01:08:26]} {[%emt
00:00:57]} b5 {[%clk 01:01:35]} {[%emt 00:00:33]} 21. Bg5 {[%clk 01:07:44]}
{[%emt 00:01:11]} Bxg5 {[%clk 01:00:12]} {[%emt 00:01:54]} 22. Nxg5 {[%clk
01:08:00]} {[%emt 00:00:15]} f6 {[%clk 01:00:24]} {[%emt 00:00:17]} 23. Nf3
{[%clk 01:07:22]} {[%emt 00:01:08]} a5 {[%clk 01:00:37]} {[%emt 00:00:18]} 24.
a3 {[%clk 01:06:21]} {[%emt 00:01:31]} axb4 {[%clk 00:59:56]} {[%emt 00:01:10]}
25. axb4 {[%clk 01:06:46]} {[%emt 00:00:05]} Ra2 {[%clk 00:59:31]} {[%emt
00:00:55]} 26. Rxa2 {[%clk 01:06:06]} {[%emt 00:01:10]} Bxa2 {[%clk 00:59:55]}
{[%emt 00:00:06]} 27. Nd4 {[%clk 01:04:39]} {[%emt 00:01:57]} Bc4 {[%clk
01:00:10]} {[%emt 00:00:16]} 28. Ra1 {[%clk 01:04:29]} {[%emt 00:00:39]} Kf7
{[%clk 00:59:58]} {[%emt 00:00:42]} 29. Nf5 {[%clk 01:03:53]} {[%emt 00:01:07]}
Re6 {[%clk 00:59:39]} {[%emt 00:00:47]} 30. Ra7+ {[%clk 01:03:37]} {[%emt
00:00:48]} Kg6 {[%clk 00:59:33]} {[%emt 00:00:35]} 31. g4 {[%clk 01:03:47]}
{[%emt 00:00:20]} Re4 {[%clk 00:53:11]} {[%emt 00:06:52]} 32. Rxg7# {[%emt
00:00:22]} 1-0

[Event "DEM U10 2024"]
[Site "Willingen GER"]
[Date "2024.05.23"]
[Round "8"]
[White "El-Issa, Erik"]
[Black "Sutharjan, Dakxwin"]
[Result "0-1"]
[Termination "normal"]
[Board "14"]
[WhiteElo "1172"]
[BlackElo "1769"]
[WhiteClock "00:39:02"]
[BlackClock "00:46:59"]
[PlyCount "112"]
[WhiteFideId "533001782"]
[BlackFideId "34606548"]
[EventCountry "GER"]
[EventRounds "11"]
[EventType "swiss"]
[EventDate "2024.05.18"]

1. e4 {[%clk 01:15:56]} {[%emt 00:00:03]} d5 {[%clk 01:15:56]} {[%emt
00:00:05]} 2. exd5 {[%clk 01:16:14]} {[%emt 00:00:11]} Nf6 {[%clk 01:16:20]}
{[%emt 00:00:06]} 3. d4 {[%clk 01:16:32]} {[%emt 00:00:12]} Nxd5 {[%clk
01:16:45]} {[%emt 00:00:05]} 4. c4 {[%clk 01:16:46]} {[%emt 00:00:16]} Nb6
{[%clk 01:17:09]} {[%emt 00:00:06]} 5. Nf3 {[%clk 01:17:03]} {[%emt 00:00:12]}
g6 {[%clk 01:17:32]} {[%emt 00:00:07]} 6. Nc3 {[%clk 01:17:24]} {[%emt
00:00:10]} Bg7 {[%clk 01:17:52]} {[%emt 00:00:10]} 7. h3 {[%clk 01:17:32]}
{[%emt 00:00:22]} O-O {[%clk 01:18:14]} {[%emt 00:00:09]} 8. Be3 {[%clk
01:17:08]} {[%emt 00:00:53]} Nc6 {[%clk 01:11:08]} {[%emt 00:07:36]} 9. Qd2
{[%clk 01:14:19]} {[%emt 00:03:18]} Re8 {[%clk 01:08:42]} {[%emt 00:02:56]} 10.
Be2 {[%clk 01:11:25]} {[%emt 00:03:25]} e5 {[%clk 01:07:36]} {[%emt 00:01:37]}
11. d5 {[%clk 01:09:41]} {[%emt 00:02:14]} Ne7 {[%clk 01:05:51]} {[%emt
00:02:03]} 12. O-O {[%clk 01:08:10]} {[%emt 00:02:12]} Nf5 {[%clk 01:04:31]}
{[%emt 00:01:50]} 13. Bd3 {[%clk 01:07:53]} {[%emt 00:00:47]} Nxe3 {[%clk
01:04:35]} {[%emt 00:00:25]} 14. fxe3 {[%clk 01:06:40]} {[%emt 00:01:44]} Bh6
{[%clk 01:01:01]} {[%emt 00:04:04]} 15. Qe2 {[%clk 01:04:45]} {[%emt 00:02:26]}
e4 {[%clk 01:00:28]} {[%emt 00:01:03]} 16. Bc2 {[%clk 01:03:38]} {[%emt
00:01:37]} exf3 {[%clk 00:59:03]} {[%emt 00:01:54]} 17. Qxf3 {[%clk 01:03:17]}
{[%emt 00:00:50]} Qe7 {[%clk 00:58:32]} {[%emt 00:01:02]} 18. e4 {[%clk
01:02:30]} {[%emt 00:01:16]} Nxc4 {[%clk 00:58:54]} {[%emt 00:00:09]} 19. Qe2
{[%clk 01:00:06]} {[%emt 00:02:54]} Ne3 {[%clk 00:58:03]} {[%emt 00:01:21]} 20.
Rfe1 {[%clk 00:59:27]} {[%emt 00:01:08]} Nxc2 {[%clk 00:57:55]} {[%emt
00:00:38]} 21. Qxc2 {[%clk 00:59:46]} {[%emt 00:00:11]} Qc5+ {[%clk 00:56:58]}
{[%emt 00:01:28]} 22. Kh1 {[%clk 00:56:17]} {[%emt 00:03:59]} Bg7 {[%clk
00:56:13]} {[%emt 00:01:15]} 23. Qb3 {[%clk 00:50:40]} {[%emt 00:06:08]} Bxc3
{[%clk 00:48:06]} {[%emt 00:08:36]} 24. Qxc3 {[%clk 00:47:59]} {[%emt
00:03:11]} Qxc3 {[%clk 00:48:25]} {[%emt 00:00:12]} 25. bxc3 {[%clk 00:48:17]}
{[%emt 00:00:11]} Re5 {[%clk 00:47:39]} {[%emt 00:01:16]} 26. Rab1 {[%clk
00:45:54]} {[%emt 00:02:54]} b6 {[%clk 00:47:30]} {[%emt 00:00:39]} 27. Rb4
{[%clk 00:45:47]} {[%emt 00:00:37]} Bb7 {[%clk 00:47:34]} {[%emt 00:00:25]} 28.
Rd4 {[%clk 00:45:00]} {[%emt 00:01:17]} Rae8 {[%clk 00:47:09]} {[%emt
00:00:56]} 29. Kg1 {[%clk 00:42:35]} {[%emt 00:02:55]} Rxd5 {[%clk 00:45:46]}
{[%emt 00:01:52]} 30. exd5 {[%clk 00:42:16]} {[%emt 00:00:49]} Rxe1+ {[%clk
00:46:08]} {[%emt 00:00:08]} 31. Kf2 {[%clk 00:42:38]} {[%emt 00:00:08]} Re7
{[%clk 00:45:52]} {[%emt 00:00:46]} 32. a4 {[%clk 00:42:11]} {[%emt 00:00:58]}
Rd7 {[%clk 00:45:08]} {[%emt 00:01:14]} 33. c4 {[%clk 00:39:14]} {[%emt
00:03:26]} f6 {[%clk 00:43:35]} {[%emt 00:02:03]} 34. Kf3 {[%clk 00:38:48]}
{[%emt 00:00:56]} Kf7 {[%clk 00:41:08]} {[%emt 00:02:57]} 35. Ke4 {[%clk
00:37:20]} {[%emt 00:01:57]} c6 {[%clk 00:40:27]} {[%emt 00:01:12]} 36. dxc6
{[%clk 00:36:28]} {[%emt 00:01:22]} Bxc6+ {[%clk 00:40:47]} {[%emt 00:00:10]}
37. Ke3 {[%clk 00:36:44]} {[%emt 00:00:14]} Rxd4 {[%clk 00:41:14]} {[%emt
00:00:03]} 38. Kxd4 {[%clk 00:36:45]} {[%emt 00:00:29]} Bxa4 {[%clk 00:41:16]}
{[%emt 00:00:28]} 39. Kd5 {[%clk 00:36:30]} {[%emt 00:00:45]} Ke7 {[%clk
00:41:39]} {[%emt 00:00:06]} 40. c5 {[%clk 00:36:30]} {[%emt 00:00:31]} bxc5
{[%clk 00:42:03]} {[%emt 00:00:07]} 41. Kxc5 {[%clk 00:36:57]} Bc2 {[%clk
00:42:26]} {[%emt 00:00:08]} 42. g4 {[%clk 00:36:10]} {[%emt 00:01:16]} f5
{[%clk 00:42:46]} {[%emt 00:00:11]} 43. gxf5 {[%clk 00:36:17]} {[%emt
00:00:23]} gxf5 {[%emt 00:00:09]} 44. h4 {[%clk 00:36:38]} {[%emt 00:00:07]} a5
{[%clk 00:43:36]} {[%emt 00:00:04]} 45. h5 {[%clk 00:36:59]} {[%emt 00:00:08]}
a4 {[%clk 00:43:58]} {[%emt 00:00:08]} 46. Kb4 {[%clk 00:37:00]} {[%emt
00:00:29]} f4 {[%clk 00:44:23]} {[%emt 00:00:05]} 47. h6 {[%clk 00:37:24]}
{[%emt 00:00:05]} f3 {[%clk 00:44:49]} {[%emt 00:00:05]} 48. Kc3 {[%clk
00:37:49]} {[%emt 00:00:05]} f2 {[%clk 00:45:16]} {[%emt 00:00:03]} 49. Kxc2
{[%clk 00:38:11]} {[%emt 00:00:08]} f1=Q {[%clk 00:45:45]} 50. Kc3 {[%clk
00:38:26]} Qf4 {[%clk 00:46:11]} {[%emt 00:00:19]} 51. Kd3 {[%clk 00:38:47]}
{[%emt 00:00:10]} Ke6 {[%clk 00:46:33]} 52. Kc2 {[%clk 00:39:02]} {[%emt
00:00:22]} Qe3 {[%clk 00:46:59]} 53. Kb2 {[%clk 00:39:02]} Qd3 {[%clk
00:46:59]} 54. Ka1 {[%clk 00:39:02]} Qd2 {[%clk 00:46:59]} 55. Kb1 {[%clk
00:39:02]} a3 {[%clk 00:46:59]} 56. Ka1 {[%clk 00:39:02]} Qb2# {[%clk
00:46:59]} 0-1